000
00271nam a2200109Ia 4500
008
190912s9999||||xx |||||||||||||| ||und||
100
_a
Syed Aftab Alam
245
0
_a
Ghalib : Her Sade Ka Shaher
260
_a
Karachi
_b
Dost Publications
_c
2016
300
_a
350
942
_c
BK
999
_c
7363
_d
7363